[Event "EOC-ch Playoff-A 2021"]
[Site "Online"]
[Date "2021.03.29"]
[Round "5.3"]
[White "Mastrovasilis, Dimitrios"]
[Black "Heinemann, Thies"]
[Result "1/2-1/2"]
[WhiteElo "2609"]
[BlackElo "2502"]
[Annotator "TA"]
[PlyCount "158"]
[EventDate "2021.03.29"]
[EventType "team-tourn"]
[EventCountry "NET"]
[SourceTitle "playchess.com"]
[Source "ChessBase"]
[SourceQuality "1"]

{[%evp 15,158,12,41,17,27,23,18,18,22,23,39,46,54,11,64,68,85,76,85,73,70,44,137,112,118,114,125,19,19,19,30,33,37,38,53,18,16,19,53,49,49,49,49,49,49,49,79,78,85,80,103,92,94,86,104,68,160,161,201,201,201,175,173,169,166,17,17,17,20,12,12,12,12,12,12,12,12,12,15,12,13,18,18,18,59,59,59,59,59,59,236,59,89,74,89,59,89,89,173,173,1110,1110,1072,990,657,159,485,162,174,138,112,8,29960,29961,29957,29960,29966,29966,29945,3620,1088,8,8,0,0,0,0,0,0,0,0,0,0,0,0,0,0,0,0,0,0,0,0,0,0]} 1. e4 c5 2. Nf3 d6 3. Bb5+ Nd7 4. d4 cxd4 5. Qxd4 a6 6. Bxd7+ Bxd7 7. O-O e5 8. Qd3 h6 9. Nc3 {B51: Sicilian: Moscow Variation (3 Bb5+) without 3...Bd7.} Nf6 10. Nd2 Be6 11. Nc4 Rc8 12. Ne3 {[#]} Rc5 $5 $146 {[%mdl 8] New and interesting.} ({Predecessor:} 12... Be7 13. a4 O-O 14. Rd1 Qc7 15. a5 Rfd8 16. Qe2 Bf8 17. Qf3 Qc5 18. h3 Be7 {½-½ (76) Demchenko,A (2642)-Wang,H (2756) Moscow 2019}) 13. b3 Be7 14. Ba3 Rc6 (14... Rc8 $11) 15. Ncd5 $14 Bxd5 16. exd5 Rc8 17. c4 O-O 18. f4 {Hoping for fxe5.} exf4 (18... e4 $14 19. Qd4 Re8) 19. Rxf4 Ne8 20. Nf5 Bg5 21. Re4 (21. Rf2 $16) 21... g6 $11 22. Nd4 Nf6 23. Re2 Qb6 24. Rae1 Rce8 25. Bb2 Rxe2 26. Rxe2 Re8 27. Kf1 Rxe2 28. Qxe2 Qd8 29. Nf3 Nd7 30. Nxg5 Qxg5 31. Qe8+ Nf8 32. Qe4 Qd2 33. Qd4 Qxd4 34. Bxd4 $16 {[%mdl 4096] Endgame KB-KN} Nd7 35. b4 Kf8 (35... b6 $1 $14) 36. c5 {c6 is the strong threat.} dxc5 37. bxc5 {And now c6 would win.} Ke8 38. c6 bxc6 39. dxc6 {aiming for c7.} Nf8 40. Bg7 ({White should play} 40. Ke2 $18) 40... Ne6 $11 41. Bxh6 Nd4 42. Kf2 Nxc6 43. Ke3 Kd7 44. Ke4 Ke6 45. Bd2 f5+ 46. Kf4 Ne5 47. Kg5 Kf7 48. h4 Nc4 49. Bf4 Nb6 50. h5 gxh5 51. Kxf5 Nd5 52. Bd2 $1 h4 $2 ({Better is} 52... Nf6 $14) 53. Kg4 $2 (53. Ke5 $1 $18 {[%cal Re5d5]} Ne7 54. Be1) 53... Kg6 54. Kxh4 Nf6 55. Bc3 {Threatens to win with Bxf6.} Ne4 56. Bd4 (56. Be1 {keeps more tension.} Kf5 57. Bb4 Nf2 58. Bc3 Ne4 59. Be1) 56... Nd6 (56... Kf5 $16 57. a3 Kg6) 57. Kg4 $1 $18 Nf5 $2 (57... Kf7 58. Kg5 Ke6) 58. Bc5 Ng7 59. a4 Ne6 60. Be3 $2 (60. Bd6 $18 {and White stays clearly on top.} Nd4 61. Bb4) 60... Nc7 $2 (60... Kf6 $16 {is more resistant.} 61. Kf3 Kf5) 61. Kf4 $2 (61. Bd4 Ne6 62. Bb6) 61... Nd5+ 62. Ke4 Nc3+ {[#]} 63. Kd3 (63. Kf3 $1 $16) 63... Nd5 $2 {[%mdl 8192]} (63... Nxa4 $11 64. Kd4 Nb2) 64. Kd4 Nb6 65. a5 Nd7 66. Kd5 Kf5 67. Kc6 (67. Bd4 $142 Nf8 68. Bg7 Ng6 69. Kc5 Ke6 70. Kb6 Kd7 71. Kxa6 Kc8 72. Ka7) 67... Ne5+ {[#]} 68. Kb7 $2 (68. Kc5 $1 $18 {Black must now prevent Bg1.} Ke4 69. Bh6) 68... Nc4 $11 {The position is equal.} 69. Kxa6 Nxe3 {KN-KPP} 70. Kb7 Nc4 71. a6 Nd6+ 72. Kc6 Nc8 73. Kc7 Na7 74. Kb6 (74. g4+ {is more complex.} Kxg4 75. Kb6 Nc8+ 76. Kc5 Kf5 77. Kb5) 74... Nc8+ 75. Kb7 Nd6+ 76. Kb8 Nb5 77. a7 Nxa7 $1 78. Kxa7 Kg4 79. g3 Kxg3 {Blacks defense is rewarded with a draw.  Weighted Error Value: White=0.39/Black=0.27} 1/2-1/2

[Event "EOC-ch Playoff-A 2021"]
[Site "Online"]
[Date "2021.03.29"]
[Round "5.7"]
[White "Wagner, Dennis"]
[Black "Amin, Bassem"]
[Result "1/2-1/2"]
[WhiteElo "2581"]
[BlackElo "2695"]
[Annotator "TA"]
[PlyCount "75"]
[EventDate "2021.03.29"]
[EventType "team-tourn"]
[EventCountry "NET"]
[SourceTitle "playchess.com"]
[Source "ChessBase"]
[SourceQuality "1"]

{[%evp 29,75,25,23,13,20,0,0,0,0,0,0,0,0,0,0,0,0,0,0,-1,-2,0,-1,-10,0,0,0,0,0,-4,0,-18,-18,-18,-18,-18,-18,-18,-18,-18,-18,-18,-18,-20,-18,-18,-18,-20]} 1. e4 e5 2. Nf3 Nc6 3. Bb5 a6 4. Ba4 Nf6 5. O-O Be7 6. Re1 b5 7. Bb3 d6 8. c3 O-O 9. h3 Nb8 10. d4 Nbd7 11. Nbd2 Bb7 12. Bc2 Re8 13. Nf1 Bf8 14. Ng3 g6 15. Bd2 Bg7 16. Qc1 {C95: Closed Ruy Lopez: Breyer Variation with 10 d4.} d5 {The position is equal.} 17. Nxe5 Nxe5 18. dxe5 Nxe4 19. Nxe4 dxe4 {[#]} 20. Bg5 $146 ({Predecessor:} 20. Bxe4 Bxe4 21. Rxe4 Qd5 22. Qc2 Rxe5 23. Rae1 Rae8 24. Rxe5 Rxe5 25. Rxe5 Bxe5 26. b3 {½-½ (41) Antipov,M (2582)-Jumabayev,R (2603) Bastia 2017}) 20... Qd7 21. Bxe4 Bxe4 22. Rxe4 Rxe5 23. Rxe5 Bxe5 24. Qc2 Re8 25. Rd1 Qe6 26. Qb3 Bd6 {[#] ( -> ...Qe1+!)} (26... Qf5 {is interesting.} 27. Be3 Bf4 28. Bxf4 Qxf4 29. Qc2 c5) 27. Qxe6 Rxe6 $11 {[%mdl 4096] Endgame KRB-KRB} 28. Kf1 f5 29. Re1 (29. b3 {feels hotter.} Kg7 30. Rd4 h6 31. Bd2 h5 32. Bg5) 29... Kf7 30. Rxe6 (30. Rc1 {keeps more tension.} Be7 31. Bf4 c6 32. Be3 Bd6 33. Bg5) 30... Kxe6 {KB-KB} 31. Ke2 Kd5 32. Kd3 c5 33. b3 c4+ 34. bxc4+ bxc4+ 35. Ke2 Be5 36. Bd2 h5 37. f3 Bf6 38. Kd1 {An uneventful encounter.  Weighted Error Value: White=0.03/Black=0.01} 1/2-1/2

[Event "EOC-ch Playoff-A 2021"]
[Site "Online"]
[Date "2021.03.29"]
[Round "5.8"]
[White "Van Wely, Loek"]
[Black "Buhmann, Rainer"]
[Result "0-1"]
[WhiteElo "2620"]
[BlackElo "2580"]
[Annotator "TA"]
[PlyCount "146"]
[EventDate "2021.03.29"]
[EventType "team-tourn"]
[EventCountry "NET"]
[SourceTitle "playchess.com"]
[Source "ChessBase"]
[SourceQuality "1"]

{[%evp 18,146,15,11,18,14,4,16,21,0,0,0,0,0,0,0,0,0,0,-14,-14,-14,-14,-14,-7,-14,0,-10,0,0,6,6,6,0,6,0,0,0,0,-7,-6,-27,-21,-10,-12,-14,-11,-63,0,-3,-2,-69,-65,-77,-29,-56,-38,-47,-35,-64,0,0,-4,-38,-38,-37,-38,-93,-93,-129,-106,-366,-406,-395,-398,-377,-380,-370,-354,-443,-439,-862,-830,-944,-987,-960,-916,-916,-845,-1352,-804,-1582,-789,-745,-708,-533,-262,-253,-250,-5093,-2349,-5612,-1941,-2209,-1684,-29941,-8295,-5700,-9917,-29981,-29982,-29982,-29982,-29982,-29980,-29980,-29981,-29981,-29982,-29982,-29983,-29983,-29984,-29984,-29985,-29985,-29986,-29986,-29987,-29987,-29988]} 1. c4 e6 2. Nc3 d5 3. d4 Nf6 4. cxd5 exd5 5. Bg5 Be7 6. e3 O-O 7. Bd3 Re8 8. Nf3 h6 9. Bh4 c6 10. Qc2 Ne4 {D36: Queen's Gambit Declined: Exchange Variation: Main line (5 Bg5 c6 6 Qc2).} 11. Bxe7 Qxe7 12. O-O Bf5 $1 {[%mdl 4] The position is equal. is now more promising than 12...Nd7.} 13. Rab1 Nd7 {[%cal Bb8d7,Bd7b6,Bb6c8,Bc8d6,Bd6f5][%mdl 32]} 14. b4 Nxc3 15. Qxc3 Bxd3 16. Qxd3 a6 17. Rfc1 Nb6 18. Nd2 Nc8 19. a4 Nd6 {[#]} 20. Nb3 $146 ({Predecessor:} 20. Nf3 Nc4 {½-½ (20) Norman,N (2182)-Endsley,B (2219) ICCF email 2017}) 20... Qg5 21. Nc5 Re7 22. Qd1 Rae8 23. Qf3 Nf5 24. g3 Nd6 25. h4 Qg6 26. h5 Qg5 {[%cal Re7e3] Hoping for ...Rxe3!} 27. Qf4 Rd8 28. Qxg5 hxg5 29. g4 Kh7 30. Kg2 f6 31. Kf3 Rf8 32. Ke2 (32. Nd3 $11) 32... Kh6 (32... f5 $1 $15 33. gxf5 Nxf5) 33. Rh1 f5 34. gxf5 ({Better is} 34. Nd3 $1 $11) 34... Nxf5 $15 35. Kd2 g4 36. Rbf1 Rf6 37. Nd3 g3 38. fxg3 Nxg3 (38... Nxe3 $15 39. Re1 Rfe6) 39. Rxf6+ $11 gxf6 $15 {[%mdl 4096] Endgame KRN-KRN} 40. Rh3 Ne4+ ({Wrong is} 40... Nxh5 $2 41. Nf4 $18) 41. Ke2 Rg7 42. Nc5 (42. Rh2 $15) 42... Rg2+ $17 43. Kf1 Rb2 44. Nxe4 $2 {[%mdl 8192] This move loses the game for White.} (44. Nxb7 $17 Rxb4 45. Nc5) 44... dxe4 {KR-KR} 45. Rh4 f5 46. Rf4 Kg5 47. h6 {Strongly threatening Rh4!} Rh2 48. a5 Rxh6 49. Kg2 (49. Rf2 $142 Rh1+ 50. Ke2) 49... Rh4 $19 50. Rf1 f4 51. exf4+ Rxf4 52. Re1 Kf5 53. Re3 Rh4 54. Kg3 Rh1 (54... Rg4+ $142 55. Kh3 Kf4) 55. Rc3 Rg1+ 56. Kf2 Rg5 (56... Rg4 $142 57. b5 axb5) 57. Rh3 Kf4 $1 {aiming for ...e3+!} 58. Rh4+ $2 {[#]} (58. Rh2) 58... Rg4 $1 {[%cal Rg4h4]} 59. Rh7 e3+ 60. Ke2 Rg2+ 61. Kf1 Rb2 (61... Rf2+ $142 62. Ke1 Rb2 63. b5 axb5 64. Kd1 Ra2 65. Rh8 Kf3 66. Rh3+ Ke4 67. a6 bxa6 68. Rg3 Kd3 69. Kc1 Kxd4 70. Kd1 Kd3 71. Kc1 Rc2+ 72. Kb1 Rf2 73. Kc1 Rf1+ 74. Kb2 c5 75. Ka3 c4 76. Kb4 Rb1+ 77. Kc5 c3 78. Rg5 c2 79. Rg7 c1=Q+ 80. Kb6 e2 81. Rg3+ Kc4 82. Rg4+ Kd5 83. Rg3 {[#]} Qg1+ $3 {[%mdl 576] Promotion} 84. Rxg1 Rxg1 85. Kc7 e1=Q 86. Kd7 Qe6+ 87. Kd8 Rg8+ 88. Kc7 Qc6#) 62. Rxb7 Ke4 (62... Ra2 $142 63. Rb8 Ke4) 63. Re7+ Kd3 {Black mates.} 64. Re5 Rxb4 65. d5 Rb1+ 66. Kg2 cxd5 {[%mdl 64] Overworked Piece} 67. Rxd5+ Ke4 68. Rd8 e2 69. Re8+ Kd3 70. Rd8+ Kc3 71. Rc8+ Kd4 72. Rd8+ Kc5 73. Rc8+ Kd6 {Weighted Error Value: White=0.60/Black=0.27} 0-1

[Event "EOC-ch Playoff-A 2021"]
[Site "Online"]
[Date "2021.03.29"]
[Round "5.9"]
[White "Mikhalevski, Victor"]
[Black "Artemiev, Vladislav"]
[Result "0-1"]
[WhiteElo "2552"]
[BlackElo "2709"]
[Annotator "TA"]
[PlyCount "76"]
[EventDate "2021.03.29"]
[EventType "team-tourn"]
[EventCountry "NET"]
[SourceTitle "playchess.com"]
[Source "ChessBase"]
[SourceQuality "1"]

{[%evp 11,76,9,12,12,15,3,13,10,0,12,41,8,54,52,84,60,50,47,85,68,68,48,78,22,118,-12,-20,-17,2,6,20,16,25,1,6,2,2,2,4,2,2,2,14,8,8,8,14,16,30,12,12,13,27,0,0,0,0,0,0,-30,0,-498,-457,-1189,-1146,-29993,-29991]} 1. d4 Nf6 2. Nf3 g6 3. g3 Bg7 4. Bg2 d5 5. O-O Nbd7 6. b3 O-O 7. Bb2 {D02: 1 d4 d5 2 Nf3 sidelines, including 2...Nf6 3 g3 and 2...Nf6 3 Bf4.} b5 $5 {[%mdl 4] Leaves trodden paths.} 8. Nbd2 c5 9. c4 {The position is equal.} bxc4 10. bxc4 {[#]} Ba6 $146 ({Predecessor:} 10... Rb8 11. Qc2 Qb6 12. Rfb1 Qa6 13. dxc5 dxc4 14. Qxc4 Qxc4 15. Nxc4 Nxc5 16. Bd4 Rxb1+ 17. Rxb1 {1-0 (56) Matorin,E (2307)-Moliboga,V (2329) Kiev 2004}) 11. Rc1 Rb8 12. Ba1 Qa5 13. Ne5 Nxe5 ({Reject} 13... Qxa2 14. dxc5 Nxc5 15. cxd5 $18) 14. dxe5 Ng4 15. cxd5 Nxe5 16. Bc3 Qa3 ({But not} 16... Qxa2 $2 17. Ra1 $18) 17. Re1 ({White should try} 17. Rc2 $16) 17... Nd3 18. exd3 (18. Bxg7 $16 Nxc1 19. Bxf8 Nxe2+ 20. Rxe2 Bxe2 21. Qxe2 Kxf8 22. Nb3) 18... Bxc3 $11 19. Rxe7 c4 20. Rxa7 Bd4 21. Nxc4 Qxa2 22. Re7 {Threatens to win with Re2.} Bxc4 23. Re2 Rb2 24. Rxb2 Qxb2 25. dxc4 {Rc2 is the strong threat.} Bxf2+ 26. Kh1 Bc5 27. Qc2 Qe5 28. Qe4 Qb2 29. Rb1 Qd2 30. Rf1 Qc3 31. Qf4 {Threatening d6.} Qb4 32. h4 Bd6 33. Qg4 f5 34. Qd4 Re8 35. Rf3 Re2 {Strongly threatening ...Bc5.} 36. Qf6 $2 {[%mdl 8192] [#]} (36. Qc3 $11) 36... Qe1+ $1 $19 37. Kh2 {[#]} (37. Bf1 $142 Bxg3 38. Qc3 Rh2+ {[%mdl 64] Double Attack} 39. Kg1) 37... Qd2 $1 38. Qd8+ (38. Qe6+ Rxe6) 38... Bf8 {Weighted Error Value: White=0.70/Black=0.13} 0-1

[Event "EOC-ch Playoff-A 2021"]
[Site "Online"]
[Date "2021.03.29"]
[Round "5.11"]
[White "Postny, Evgeny"]
[Black "Timofeev, Artyom"]
[Result "1/2-1/2"]
[WhiteElo "2605"]
[BlackElo "2594"]
[Annotator "TA"]
[PlyCount "120"]
[EventDate "2021.03.29"]
[EventType "team-tourn"]
[EventCountry "NET"]
[SourceTitle "playchess.com"]
[Source "ChessBase"]
[SourceQuality "1"]

{[%evp 15,120,22,29,25,27,13,25,9,24,27,54,54,40,33,29,18,48,39,82,0,0,0,60,68,58,12,16,9,15,13,13,15,5,6,57,61,126,41,49,32,89,35,50,60,94,59,58,-10,-25,-25,57,57,165,154,146,81,70,0,0,0,0,0,0,0,0,0,0,0,0,0,0,-6,0,-8,0,0,0,0,0,0,0,0,0,0,0,0,0,0,0,0,0,0,14,14,14,14,14,14,14,14,14,14,14,8,8,8,8]} 1. d4 d5 2. c4 dxc4 3. Nf3 Nf6 4. e3 e6 5. Bxc4 a6 6. O-O c5 7. b3 cxd4 8. Nxd4 Bd6 9. Bb2 {D27: Queen's Gambit Accepted: Classical main line: 7 e4!? and 7 a4.} O-O 10. Nd2 e5 11. Ne2 {White has an edge.} Bg4 {[#]} 12. f3 $146 ({Predecessor:} 12. Qb1 Bh5 13. Ng3 Bg6 14. Bd3 Nc6 15. Rd1 Qc7 16. Nde4 Be7 17. Nxf6+ Bxf6 18. Bxg6 hxg6 {½-½ (32) Wimmer,R (2030)-Freeman,M (2220) ICCF email 2017}) 12... Bf5 13. Ng3 Bg6 14. Nde4 Nxe4 15. fxe4 Nc6 16. Qg4 {Black must now prevent h4.} Bc5 17. Rae1 (17. h4 $1 $16 {[%cal Rh4h5]}) 17... Nb4 $11 {aiming for ...Nc2.} 18. Bxe5 Nd3 (18... b5 $1 $11 19. Bxf7+ Rxf7 20. Rxf7 Kxf7) 19. Bxd3 $14 Qxd3 20. h4 Rae8 21. Ba1 {Threatens to win with h5.} h5 $1 {[%cal Rh5g4]} 22. Qg5 Be7 $1 {[%cal Re7g5]} 23. Qf4 Bd6 24. e5 $1 $36 {[%cal Re5d6][%mdl 2048] White has good play.} Bc5 (24... Bb8 $11) 25. Bd4 Ba3 {[#]} (25... b6 $14) 26. Nf5 (26. Qf3 $1 $16) 26... Re6 27. Rf2 Rd8 ({Black should try} 27... Rc8 $14) 28. Qg5 ({White should play} 28. Ref1 $16) 28... Rd7 29. Ref1 b6 30. Kh2 Bc5 {next ...Bxf5 is good for Black.} 31. Bxc5 (31. Rc1 $14) 31... bxc5 $11 32. Nd6 Qc3 ({Better is} 32... f6 $1 $11 33. Qg3 Rxe5) 33. Nc4 $14 Bd3 (33... a5 $14) 34. Rd1 $18 ({Inferior is} 34. Qxh5 Bxc4 35. bxc4 g6 $11) 34... Rde7 35. Qxh5 (35. Rf6 $142 {Rxe6 is the strong threat.} Bg6 36. Rxe6 Rxe6 37. Qd8+ Kh7 38. Qf8) 35... g6 $16 {[#]} 36. Qh6 (36. Rxd3 $1 $14 Qxd3 37. Qg4) 36... Bxc4 $11 {The position is equal.} 37. Rd8+ Re8 38. Rxe8+ Rxe8 39. bxc4 Qxe5+ 40. Qf4 Qxf4+ 41. exf4 {[%mdl 4096] Endgame KR-KR} Re4 42. Kg3 Rxc4 43. Rd2 Kg7 44. Rd6 Ra4 45. Rc6 Ra3+ 46. Kh2 Rxa2 47. Rxc5 f5 48. h5 a5 {[%cal Ba6a5,Ba5a4][%mdl 32]} 49. Rc7+ Kh6 50. hxg6 Kxg6 51. Rc6+ Kf7 52. Kh3 a4 53. Ra6 a3 54. g3 Ra1 55. Kh4 a2 {Hoping for ...Rh1+.} 56. Kg5 Rg1 57. Rxa2 Rxg3+ 58. Kxf5 Rb3 59. Ra8 Rb5+ 60. Kg4 Kf6 {Weighted Error Value: White=0.14/Black=0.14} 1/2-1/2

[Event "EOC-ch Playoff-A 2021"]
[Site "Online"]
[Date "2021.03.29"]
[Round "5.12"]
[White "Sharafiev, Azat"]
[Black "Steinberg, Nitzan"]
[Result "1-0"]
[WhiteElo "2432"]
[BlackElo "2553"]
[Annotator "ChessBase"]
[PlyCount "113"]
[EventDate "2021.03.29"]
[EventType "team-tourn"]
[EventCountry "NET"]
[SourceTitle "playchess.com"]
[Source "ChessBase"]
[SourceQuality "1"]
[TimeControl "900+5"]

1. d4 {[%emt 0:00:00]} d5 {[%emt 0:00:02]} 2. c4 {[%emt 0:00:03]} c6 {[%emt 0:00:02]} 3. Nf3 {[%emt 0:00:01]} Nf6 {[%emt 0:00:01]} 4. Nc3 {[%emt 0:00:02]} e6 {[%emt 0:00:02]} 5. Bg5 {[%emt 0:00:02]} Nbd7 {[%emt 0:00:01]} 6. cxd5 {[%emt 0:00:02]} exd5 {[%emt 0:00:01]} 7. e3 {[%emt 0:00:04]} Qa5 {[%emt 0:00:03]} 8. Nd2 {[%emt 0:00:08]} Ne4 {[%emt 0:00:13]} 9. Ndxe4 {[%emt 0:00:10]} dxe4 {[%emt 0:00:01]} 10. Bh4 {[%emt 0:00:02]} Nb6 {[%emt 0:00:48]} 11. Be2 {[%emt 0:00:38]} Bf5 {[%emt 0:00:20]} 12. O-O {[%emt 0:00:08]} Bg6 {[%emt 0:01:11]} 13. Qd2 {[%emt 0:01:09]} Qf5 {[%emt 0:01:07]} 14. d5 {[%emt 0:02:05]} Bc5 {[%emt 0:00:19]} 15. dxc6 {[%emt 0:01:28]} bxc6 {[%emt 0:00:02]} 16. Rac1 {[%emt 0:00:09]} O-O {[%emt 0:00:09]} 17. Rfd1 {[%emt 0:00:05]} Rfe8 {[%emt 0:01:07]} 18. h3 {[%emt 0:00:22]} h5 {[%emt 0:00:03]} 19. Qc2 {[%emt 0:01:17]} Be7 {[%emt 0:01:24]} 20. Bxe7 {[%emt 0:00:26]} Rxe7 {[%emt 0:00:02]} 21. Rd6 {[%emt 0:00:07]} Re6 {[%emt 0:00:28]} 22. Qd2 {[%emt 0:00:24]} Rae8 {[%emt 0:01:05]} 23. Bf1 {[%emt 0:00:55]} Qg5 {[%emt 0:00:55]} 24. Ne2 {[%emt 0:00:51]} Bf5 {[%emt 0:01:39]} 25. Nf4 {[%emt 0:01:08]} Rxd6 {[%emt 0:00:28]} 26. Qxd6 {[%emt 0:00:02]} Bd7 {[%emt 0:00:08]} 27. Rc5 {[%emt 0:00:40]} Qe7 {[%emt 0:00:01]} 28. Qxe7 {[%emt 0:00:15]} Rxe7 {[%emt 0:00:01]} 29. Nxh5 {[%emt 0:00:03]} f6 {[%emt 0:00:45]} 30. Nf4 {[%emt 0:00:15]} Kf7 {[%emt 0:00:31]} 31. Bc4+ {[%emt 0:00:48]} Nxc4 {[%emt 0:00:21]} 32. Rxc4 {[%emt 0:00:01]} Re5 {[%emt 0:00:01]} 33. Ne2 {[%emt 0:00:51]} Ke7 {[%emt 0:00:22]} 34. Nc3 {[%emt 0:00:15]} f5 {[%emt 0:00:10]} 35. b4 {[%emt 0:00:59]} Kd6 {[%emt 0:00:37]} 36. Rd4+ {[%emt 0:00:17]} Kc7 {[%emt 0:00:01]} 37. h4 {[%emt 0:00:10]} Be6 {[%emt 0:00:35]} 38. a3 {[%emt 0:00:40]} c5 {[%emt 0:00:03]} 39. Rd2 {[%emt 0:00:08]} Bb3 {[%emt 0:01:02]} 40. Kh2 {[%emt 0:00:18]} g6 {[%emt 0:00:49]} 41. Kg3 {[%emt 0:00:04]} Kc6 {[%emt 0:00:08]} 42. Kf4 {[%emt 0:00:05]} Re6 {[%emt 0:00:01]} 43. Rd8 {[%emt 0:00:17]} Kc7 {[%emt 0:00:09]} 44. Rd2 {[%emt 0:00:28]} c4 {[%emt 0:00:40]} 45. h5 {[%emt 0:00:08]} gxh5 {[%emt 0:00:02]} 46. Kxf5 {[%emt 0:00:02]} Ra6 {[%emt 0:00:01]} 47. a4 {[%emt 0:00:03]} Bxa4 {[%emt 0:00:38]} 48. b5 {[%emt 0:00:04]} Ra5 {[%emt 0:00:03]} 49. Ra2 {[%emt 0:00:01]} a6 {[%emt 0:00:01]} 50. Rxa4 {[%emt 0:00:19]} Rxa4 {[%emt 0:00:01]} 51. Nxa4 {[%emt 0:00:06]} axb5 {[%emt 0:00:01]} 52. Nc3 {[%emt 0:00:03]} Kc6 {[%emt 0:00:01]} 53. Kxe4 {[%emt 0:00:03]} Kc5 {[%emt 0:00:02]} 54. f4 {[%emt 0:00:04]} b4 {[%emt 0:00:03]} 55. Ne2 {[%emt 0:00:02]} b3 {[%emt 0:00:22]} 56. Nc3 {[%emt 0:00:04]} b2 {[%emt 0:00:03]} 57. Na4+ {[%emt 0:00:05]} 1-0